| 000 | 01428cam a22002894a 4500 | ||
|---|---|---|---|
| 001 | 13138746 | ||
| 003 | ARRUPE | ||
| 005 | 20140205102217.0 | ||
| 008 | 030327s2003 tnu b 001 0 eng | ||
| 010 | _a 2003007329 | ||
| 020 | _a0687051967 (alk. paper) | ||
| 040 |
_aDLC _cDLC _dDLC |
||
| 042 | _apcc | ||
| 050 | 0 | 0 |
_aBS646 _b.C659 2003 |
| 082 | 0 | 0 |
_a220/.046 _221 |
| 100 | 1 |
_aCook, Stephen L., _d1962- _97919 |
|
| 245 | 1 | 4 |
_aThe apocalyptic literature / _cStephen L. Cook. |
| 260 |
_aNashville, TN : _bAbingdon Press, _cc2003. |
||
| 300 |
_a233 p. ; _c23 cm. |
||
| 440 | 0 |
_aInterpreting Biblical texts _97920 |
|
| 505 | 0 | _aEncountering apocalyptic worlds -- The danger of domesticating the apocalyptic texts -- A new search for the literal sense of apocalyptic texts -- The social worlds behind the apocalyptic literature -- Reading the apocalyptic texts of the Bible -- Early apocalyptic texts among the prophetic books -- Book of Daniel -- Apocalypticism and the Jesus group -- Apocalyptic worlds and the early Christian churches -- The book of Revelation. | |
| 650 | 0 |
_aApocalyptic literature. _97921 |
|
| 856 | 4 | 1 |
_3Table of contents _uhttp://www.loc.gov/catdir/toc/ecip042/2003007329.html |
| 906 |
_a7 _bcbc _corignew _d1 _eecip _f20 _gy-gencatlg |
||
| 942 |
_2lcc _cMONOGRAPH |
||
| 999 |
_c119932 _d119932 |
||